Dawite kulhpi ah : (Record no. 7494)
[ view plain ]
| 000 -LEADER | |
|---|---|
| fixed length control field | 00515nam a22001817a 4500 |
| 003 - CONTROL NUMBER IDENTIFIER | |
| control field | GBCCL |
| 005 - DATE AND TIME OF LATEST TRANSACTION | |
| control field | 20241126110629.0 |
| 008 - FIXED-LENGTH DATA ELEMENTS--GENERAL INFORMATION | |
| fixed length control field | 180816b ||||| |||| 00| 0 eng d |
| 040 ## - CATALOGING SOURCE | |
| Transcribing agency | gbc |
| 082 ## - DEWEY DECIMAL CLASSIFICATION NUMBER | |
| Classification number | VER 235.4 |
| Item number | PAU |
| 100 ## - MAIN ENTRY--PERSONAL NAME | |
| Personal name | Paukhogin, B |
| 9 (RLIN) | 13240 |
| 245 ## - TITLE STATEMENT | |
| Title | Dawite kulhpi ah : |
| Remainder of title | kum guk sung dawite toh kithuahna thu (1954-1960) / |
| Statement of responsibility, etc. | B Paukhogin |
| 260 ## - PUBLICATION, DISTRIBUTION, ETC. | |
| Date of publication, distribution, etc. | N.D. |
| Place of publication, distribution, etc. | Churachandpur: |
| Name of publisher, distributor, etc. | B Khamsuansiam, |
| 300 ## - PHYSICAL DESCRIPTION | |
| Extent | 146p.; |
| 650 ## - SUBJECT ADDED ENTRY--TOPICAL TERM | |
| Topical term or geographic name entry element | Spiritual warfare |
| 9 (RLIN) | 576 |
| 650 ## - SUBJECT ADDED ENTRY--TOPICAL TERM | |
| Topical term or geographic name entry element | Devils |
| 9 (RLIN) | 13241 |
| 942 ## - ADDED ENTRY ELEMENTS (KOHA) | |
| Source of classification or shelving scheme | Dewey Decimal Classification |
| Koha item type | Books |
| Koha issues (borrowed), all copies | 13 |
| Withdrawn status | Lost status | Source of classification or shelving scheme | Damaged status | Not for loan | Collection | Home library | Current Library | Shelving location | Date acquired | Total checkouts | Full call number | Barcode | Date last seen | Date last checked out | Copy number | Price effective from | Koha item type |
|---|---|---|---|---|---|---|---|---|---|---|---|---|---|---|---|---|---|
| Dewey Decimal Classification | GRACE BIBLE COLLEGE | GRACE BIBLE COLLEGE | Vernacular | 2018-08-16 | 8 | VER 235.4 PAU | 002685 | 2025-07-25 | 2025-07-18 | c.1 | 2018-08-16 | Books | |||||
| Dewey Decimal Classification | GRACE BIBLE COLLEGE | GRACE BIBLE COLLEGE | Vernacular | 2018-08-16 | 8 | VER 235.4 PAU | 002686 | 2025-07-25 | 2025-07-18 | c.2 | 2018-08-16 | Books |